| 000 | 01139cad a22002175a 4500 | ||
|---|---|---|---|
| 001 | L157068 | ||
| 008 | 120829s2012 xxk f 000 0 eng d | ||
| 020 | _a9781842198056 | ||
| 035 | _a(Sirsi) u157068 | ||
| 041 | 0 | _aeng | |
| 100 | 1 | _aMonk, Sarah | |
| 245 | 0 | 0 |
_aCapturing planning gain _bthe transition from section 106 to the community infrastructure levy _h[electronic resource] |
| 260 |
_aLondon _bRICS _c2012 |
||
| 490 | 0 | _aRICS Research | |
| 520 | _aLooks at the change from the imposition of planning obligations under the Town and Country Planning Act 1990 S106, to the new Community Infrastructure Levy which came into force in April 2010. The Levy allows local authorities in England and Wales to raise funds from developers undertaking new building projects in their area, and to use the money to fund a wide range of infrastructure that is needed as a result of development. | ||
| 651 | 4 |
_aEngland and Wales _y1543- |
|
| 690 |
_aPlanning and development _96259 |
||
| 700 | 1 | _aBurgess, Gemma | |
| 856 | 4 | 0 |
_uhttps://www.rics.org/Global/S106_CIL_190612_dwl_aj.pdf _zView the item free of charge at www.rics.org |
| 942 | _n0 | ||
| 999 |
_c114570 _d114570 |
||